093_ Personnalités nées un 3 avril par images - Statistiques

Statistiques générales
  • Ce quiz a été pris 39 fois
  • Le résultat moyen est 5 sur 12
Statistiques - réponses
Par images Hint Réponse % Correct
Chanteur Grégoire
89%
Rappeur Nekfeu
89%
Humoriste Blanche Gardin
73%
Acteur Eddie Murphy
59%
Rappeur Koba la D
51%
Scientifique Jane Goodall
41%
Acteur Alec Baldwin
35%
Actrice Clotilde Courau
16%
Dirigeant Politique Helmut Kohl
16%
Biathlète Dorothea Wierer
11%
Actrice Cobie Smulders
5%
Actrice Jennie Garth
3%
Aucun quiz correspondant
Distribution des résultats
% des personnes avec chaque résultat
Percentile par nombre de réponses
Votre historique - résultats
Vous n’avez pas pris ce quiz